[Event "7th Sharjah Challengers"]
[Site "Sharjah UAE"]
[Date "2024.05.19"]
[Round "6.5"]
[White "Laddha, Shubh Jayesh"]
[Black "Burmakin, Vladimir"]
[Result "0-1"]
[WhiteTitle "FM"]
[BlackTitle "GM"]
[WhiteElo "2325"]
[BlackElo "2483"]
[WhiteFideId "30942799"]
[BlackFideId "4105109"]
[EventDate "2024.05.14"]

1. e4 d5 2. exd5 Qxd5 3. Nc3 Qd6 4. d4 Nf6 5. Nf3 c6 6. g3 Bf5 7. Bf4 Qd8 8. Bd3
Bxd3 9. Qxd3 e6 10. O-O-O Bd6 11. Be5 Be7 12. Kb1 Nbd7 13. Qe2 Qa5 14. Nd2 O-O
15. g4 Nd5 16. Nxd5 cxd5 17. f4 Rac8 18. Nb3 Qa4 19. f5 Rc6 20. Rhf1 Qc4 21. Qg2
Qb5 22. fxe6 Rxe6 23. Bg3 Nf6 24. Bh4 Ne4 25. Bxe7 Rxe7 26. Qf3 Rc8 27. Qd3 Qxd3
28. Rxd3 Nd6 29. c3 f6 30. Rdf3 Rce8 31. h4 Re1+ 32. Rxe1 Rxe1+ 33. Kc2 Re2+ 34.
Kc1 Rg2 35. Rf4 Nc4 36. g5 fxg5 37. hxg5 b6 38. g6 Rxg6 39. Rf2 h5 40. Kd1 h4
41. Rh2 Rg1+ 42. Ke2 g5 43. Kf2 Rb1 44. Kf3 Kf7 45. Kg4 Kg6 46. Re2 Rg1+ 47. Kh3
Rg3+ 48. Kh2 Re3 49. Rf2 g4 50. Rf8 Re2+ 51. Kg1 g3 0-1

[Event "7th Sharjah Challengers"]
[Site "Sharjah UAE"]
[Date "2024.05.19"]
[Round "6.7"]
[White "Rios Gomez, Cristhian Camilo"]
[Black "Kanyamarala, Tarun"]
[Result "1/2-1/2"]
[WhiteTitle "GM"]
[BlackTitle "IM"]
[WhiteElo "2472"]
[BlackElo "2302"]
[WhiteFideId "4403940"]
[BlackFideId "45004714"]
[EventDate "2024.05.14"]

1. e4 c5 2. Nf3 Nc6 3. Bb5 e6 4. O-O Nge7 5. d4 cxd4 6. Nxd4 Ng6 7. Be2 Be7 8.
c4 O-O 9. Nc3 Nxd4 10. Qxd4 b6 11. Be3 Bb7 12. Rad1 Bc6 13. Qd2 Qb8 14. b3 Qb7
15. f3 Rfd8 16. Bd3 Bb4 17. Bd4 f6 18. Qb2 Nf4 19. e5 f5 20. Bb1 d5 21. a3 Bxc3
22. Bxc3 dxc4 23. Rxd8+ Rxd8 24. bxc4 Qa6 25. Qb4 Qc8 26. Bd2 Nd3 27. Bxd3 Rxd3
28. Be1 Rd1 29. Bf2 Qd7 30. Qb3 Rd3 31. Qb4 Rd1 32. Qb3 Rd3 33. Qb4 Rd1 1/2-1/2

[Event "7th Sharjah Challengers"]
[Site "Sharjah UAE"]
[Date "2024.05.19"]
[Round "6.9"]
[White "Harsh, Suresh"]
[Black "Borisova, Ekaterina"]
[Result "1-0"]
[WhiteTitle "IM"]
[BlackTitle "FM"]
[WhiteElo "2417"]
[BlackElo "2185"]
[WhiteFideId "45018464"]
[BlackFideId "34124184"]
[EventDate "2024.05.14"]

1. Nf3 Nf6 2. g3 g6 3. b3 Bg7 4. Bb2 b6 5. Bg2 Bb7 6. c4 O-O 7. O-O c5 8. d4
cxd4 9. Qxd4 Nc6 10. Qh4 e6 11. Nc3 Ne8 12. Rfd1 Qxh4 13. Nxh4 d6 14. Rac1 Na5
15. Nf3 Rd8 16. Ba3 a6 17. Na4 b5 18. cxb5 axb5 19. Nc3 Bc6 20. Ne1 Bxg2 21.
Kxg2 Rb8 22. Bb4 Nc6 23. Bxd6 Nxd6 24. Rxd6 Nb4 25. a3 Rfc8 26. axb4 Bxc3 27.
Nd3 Rc7 28. Ra6 e5 29. Ra2 e4 30. Nf4 Be5 31. Rxc7 Bxc7 32. Nd5 Bd8 33. Ra7 Kg7
34. Nc3 e3 35. f4 Bf6 36. Ne4 Rd8 37. Rb7 Rd5 38. Kf3 g5 39. fxg5 Bxg5 40. h4
Bf6 41. Kxe3 Bd4+ 42. Kf4 h6 43. g4 Be5+ 44. Kf3 Bb2 45. Ng3 Bc3 46. Nf5+ Kf6
47. Rb6+ Ke5 48. Ne3 1-0

[Event "7th Sharjah Challengers"]
[Site "Sharjah UAE"]
[Date "2024.05.19"]
[Round "6.11"]
[White "Al Qudaimi, Basheer"]
[Black "Sindarov, Islombek"]
[Result "1-0"]
[WhiteTitle "IM"]
[BlackTitle "CM"]
[WhiteElo "2375"]
[BlackElo "1991"]
[WhiteFideId "9400346"]
[BlackFideId "14205475"]
[EventDate "2024.05.14"]

1. d4 Nf6 2. Nf3 g6 3. Nc3 Bg7 4. e4 d6 5. h3 O-O 6. a4 Nc6 7. Bg5 d5 8. e5 Ne4
9. Be3 Nb4 10. Bd3 Nxc3 11. bxc3 Nxd3+ 12. cxd3 b6 13. a5 Ba6 14. Qd2 Qc8 15.
O-O c5 16. Rfb1 Qc6 17. Rb2 c4 18. dxc4 Bxc4 19. axb6 axb6 20. Rab1 b5 21. Bh6
Ra3 22. Re1 Rfa8 23. Bxg7 Kxg7 24. Nh2 h5 25. Nf3 Qc8 26. Nh4 Ra1 27. Rbb1 Rxb1
28. Rxb1 Qh8 29. Qg5 e6 30. Re1 Qd8 31. Qg3 Ra3 32. Re3 b4 33. cxb4 Rxe3 34.
fxe3 Qe7 35. Qe1 Qg5 36. Nf3 Qe7 37. Qb1 Qa7 38. Ng5 Qe7 39. h4 Qa7 40. Qd1 Bb5
41. Kh2 Qe7 42. Qd2 Bc4 43. Qf2 Bd3 44. Qa2 Qc7 45. Qb2 Qc4 46. Kg3 Be4 47. b5
Qd3 48. Kf2 f5 49. exf6+ Kxf6 50. b6 Qd1 51. Nxe4+ 1-0

[Event "7th Sharjah Challengers"]
[Site "Sharjah UAE"]
[Date "2024.05.20"]
[Round "7.4"]
[White "Delgado Ramirez, Neuris"]
[Black "Aradhya, Garg"]
[Result "1/2-1/2"]
[WhiteTitle "GM"]
[BlackTitle "IM"]
[WhiteElo "2489"]
[BlackElo "2388"]
[WhiteFideId "3503631"]
[BlackFideId "25006746"]
[EventDate "2024.05.14"]

1. e4 e5 2. Nf3 Nc6 3. Bb5 a6 4. Ba4 Nf6 5. d3 Bc5 6. Bxc6 dxc6 7. Nbd2 Be6 8.
Nb3 Bd6 9. O-O Qe7 10. Be3 a5 11. Qe1 Bg4 12. Nbd2 a4 13. a3 Nd7 14. h3 Bh5 15.
d4 exd4 16. Bxd4 O-O 17. Qe3 Rfe8 18. Rfe1 f6 19. Nc4 Bc5 20. Nh4 Qe6 21. Qc3
Bf8 22. f4 c5 23. Bf2 Bf7 24. Nd2 Rad8 25. Nhf3 b5 26. e5 fxe5 27. Nxe5 Nxe5 28.
Rxe5 Qf6 29. Qe3 Rxe5 30. fxe5 Qf5 31. Rc1 Be7 32. Nf3 Bd5 33. Bh4 Bxh4 34. Nxh4
Qe4 35. Qg5 Re8 36. Nf3 Qg6 37. Qxg6 hxg6 38. Re1 Bxf3 39. gxf3 Kf7 40. Kf2 Ke6
41. f4 Kf5 42. Kf3 Rh8 43. Kg3 g5 44. fxg5 Kxg5 45. Rd1 c6 46. Rd6 Rc8 47. Rd7
Kf5 48. Rxg7 Kxe5 49. h4 b4 50. Rg5+ Kd4 51. Rg4+ Ke3 52. h5 Kd2 53. Rc4 Kc1 54.
axb4 Kxb2 55. Rxc5 a3 56. Ra5 a2 57. c4 Rb8 58. b5 cxb5 59. cxb5 a1=Q 60. Rxa1
Kxa1 61. Kg4 Kb2 62. h6 Kc3 63. Kf5 Rb6 64. Kg5 Rxb5+ 65. Kg6 Rb6+ 66. Kg7 Rb7+
67. Kg8 Kd4 68. h7 Rb8+ 69. Kg7 Rb7+ 70. Kg8 Rb8+ 71. Kg7 Ke4 1/2-1/2

[Event "7th Sharjah Challengers"]
[Site "Sharjah UAE"]
[Date "2024.05.20"]
[Round "7.5"]
[White "Burmakin, Vladimir"]
[Black "Al Qudaimi, Basheer"]
[Result "1-0"]
[WhiteTitle "GM"]
[BlackTitle "IM"]
[WhiteElo "2483"]
[BlackElo "2375"]
[WhiteFideId "4105109"]
[BlackFideId "9400346"]
[EventDate "2024.05.14"]

1. d4 b6 2. Bf4 Bb7 3. e3 e6 4. Nf3 f5 5. Be2 Nf6 6. O-O Be7 7. c4 O-O 8. Nc3
Ne4 9. Nxe4 Bxe4 10. h3 d6 11. Nd2 Bb7 12. Bf3 Qc8 13. Bh2 Nd7 14. e4 Bf6 15.
exf5 Bxf3 16. Nxf3 exf5 17. Qd3 Kh8 18. Rae1 a5 19. Re2 a4 20. Rfe1 Ra5 21. Bf4
h6 22. Bd2 Ra8 23. Bc3 Rb8 24. Re6 Rf7 25. Qxf5 Nf8 26. Qh5 Qd7 27. R6e3 b5 28.
cxb5 Rxb5 29. Qg4 Qc6 30. Re8 a3 31. Qe6 Qd5 32. Qxd5 Rxd5 33. bxa3 c5 34. Rd1
Kh7 35. Rd2 Rf5 36. Re3 c4 37. Bb4 d5 38. g4 Rf4 39. Bd6 Re4 40. Rxe4 dxe4 41.
Ne5 c3 42. Rc2 Ne6 43. Nxf7 Nxd4 44. Rxc3 Ne2+ 45. Kf1 Nxc3 46. Bc5 Kg6 47. Nd6
Be5 48. Bb4 Nxa2 49. Nxe4 Nc1 50. a4 Nd3 51. Bd2 Bd4 52. a5 Ne5 53. Bc3 Nc6 54.
Bxd4 Nxd4 55. a6 Nc6 56. f4 Kf7 57. Nc3 Ke6 58. Nb5 Kd5 59. a7 Nxa7 60. Nxa7 Ke4
61. Kg2 Kxf4 62. Nc6 h5 63. gxh5 Kg5 64. Kg3 Kxh5 65. Nd4 1-0

[Event "7th Sharjah Challengers"]
[Site "Sharjah UAE"]
[Date "2024.05.21"]
[Round "8.1"]
[White "Burmakin, Vladimir"]
[Black "Divya, Deshmukh"]
[Result "1/2-1/2"]
[WhiteTitle "GM"]
[BlackTitle "IM"]
[WhiteElo "2483"]
[BlackElo "2443"]
[WhiteFideId "4105109"]
[BlackFideId "35006916"]
[EventDate "2024.05.14"]

1. Nf3 d5 2. b3 Nf6 3. Bb2 c6 4. c4 e6 5. e3 Bd6 6. d4 Nbd7 7. Be2 Qe7 8. Nc3
O-O 9. O-O b6 10. Qc2 Bb7 11. Rad1 Rfe8 12. e4 Nxe4 13. Nxe4 dxe4 14. Qxe4 Nf8
15. Qe3 Rad8 16. Qc3 f6 17. Qc2 Qf7 18. c5 Bb8 19. Nd2 Ng6 20. g3 Ne7 21. Rfe1
Nd5 22. a3 bxc5 23. Qxc5 Qg6 24. Bf1 Kh8 25. Ne4 Re7 26. Qc1 h5 27. Nc5 Bc8 28.
Qb1 f5 29. Qd3 h4 30. Qf3 Kg8 31. Be2 Bd6 32. Rc1 Rf8 33. Qh5 Qf6 34. Nd3 hxg3
35. fxg3 1/2-1/2

[Event "7th Sharjah Challengers"]
[Site "Sharjah UAE"]
[Date "2024.05.21"]
[Round "8.4"]
[White "Harsh, Suresh"]
[Black "Delgado Ramirez, Neuris"]
[Result "1/2-1/2"]
[WhiteTitle "IM"]
[BlackTitle "GM"]
[WhiteElo "2417"]
[BlackElo "2489"]
[WhiteFideId "45018464"]
[BlackFideId "3503631"]
[EventDate "2024.05.14"]

1. e4 c5 2. Nf3 a6 3. c3 d5 4. exd5 Qxd5 5. d4 e6 6. Be2 cxd4 7. cxd4 Nf6 8. Nc3
Qd8 9. O-O Nc6 10. Bg5 Be7 11. Rc1 O-O 12. Bh4 Nh5 13. Bxe7 Nxe7 14. Ne5 Nf6 15.
Bf3 Nf5 16. d5 Nh4 17. dxe6 Nxf3+ 18. Qxf3 Bxe6 19. Qxb7 Qd6 20. Nc6 Bd7 21. Ne2
Rac8 22. Ned4 Ng4 23. g3 Rce8 24. Qb4 Qf6 25. Qd2 Ne5 26. Nxe5 Rxe5 27. Nf3 Re7
28. Qc3 Qxc3 29. Rxc3 Re2 30. Rd1 Bh3 31. Rd2 Rxd2 32. Nxd2 Rd8 33. Re3 Be6 34.
Nb3 Rd1+ 35. Kg2 g5 36. f3 Kg7 37. g4 Bd5 38. h3 h5 39. gxh5 f5 40. Kf2 Kh6 41.
Nc5 Bxa2 42. Re5 Bb1 43. Nxa6 Kxh5 44. Re8 Rd2+ 45. Re2 Rd6 46. Nb4 f4 47. Nc2
Ba2 48. Ne1 Be6 49. Kg2 Bc4 50. Rc2 Bb3 51. Re2 Rd1 52. Kf2 Kh4 53. Re8 Rd2+ 54.
Re2 Rd8 55. Re7 Kh5 56. Re2 Bd1 57. Re5 Rd2+ 58. Kf1 Kg6 59. b4 Bb3 60. b5 Bc4+
61. Kg1 Rb2 62. h4 gxh4 63. Ng2 Rxb5 64. Nxh4+ Kf6 65. Rxb5 Bxb5 66. Ng2 Bc6 67.
Nxf4 Bxf3 1/2-1/2

[Event "7th Sharjah Challengers"]
[Site "Sharjah UAE"]
[Date "2024.05.21"]
[Round "8.5"]
[White "Viani, Antonio Dcunha"]
[Black "Movahed, Sina"]
[Result "0-1"]
[WhiteTitle "IM"]
[BlackTitle "IM"]
[WhiteElo "2394"]
[BlackElo "2464"]
[WhiteFideId "5027330"]
[BlackFideId "42520835"]
[EventDate "2024.05.14"]

1. e4 c5 2. Nf3 e6 3. d4 cxd4 4. Nxd4 Nf6 5. Nc3 Nc6 6. Ndb5 d6 7. Bf4 e5 8. Bg5
a6 9. Na3 b5 10. Nd5 Be7 11. Bxf6 Bxf6 12. c3 O-O 13. Nc2 Rb8 14. h4 g6 15. g3
Bg7 16. h5 Ne7 17. h6 Bh8 18. Nce3 Bb7 19. Bg2 Nxd5 20. Nxd5 Re8 21. Qd3 Bxd5
22. Qxd5 Bf6 23. Rd1 Rb6 24. Bf3 Bg5 25. Kf1 Qe7 26. Kg2 Qf8 27. Rh2 Rc8 28. a3
a5 29. Be2 Rc5 30. Qd3 Qc8 31. Rhh1 Rcc6 32. Ra1 Qe6 33. Bd1 a4 34. Bc2 Rc5 35.
Bb1 Qc4 36. Qf3 d5 37. Qg4 Be7 38. Qd7 Bf8 39. Re1 Qb3 40. Ba2 Qxb2 41. Bxd5 Rf6
42. Rf1 Qxc3 43. Qg4 Bxh6 44. Rad1 Qxa3 45. Rh1 Bg7 46. Qe2 Rc3 47. Rd2 Qc5 48.
Ra1 a3 49. Ba2 Bh6 50. Rd5 Rc2 51. Rxc5 Rxe2 0-1

[Event "7th Sharjah Challengers"]
[Site "Sharjah UAE"]
[Date "2024.05.21"]
[Round "8.6"]
[White "Ahmad, Al Khatib"]
[Black "Mukund Hemant Agarwal"]
[Result "0-1"]
[WhiteTitle "GM"]
[WhiteElo "2380"]
[BlackElo "2090"]
[WhiteFideId "8103178"]
[BlackFideId "25679791"]
[EventDate "2024.05.14"]

1. e4 c5 2. Nf3 d6 3. d4 cxd4 4. Nxd4 Nf6 5. Bd3 Nc6 6. Nxc6 bxc6 7. O-O e5 8.
c4 Be7 9. Nc3 O-O 10. h3 Be6 11. Be3 d5 12. cxd5 cxd5 13. exd5 Nxd5 14. Nxd5
Qxd5 15. b3 Rfd8 16. Bc4 Qe4 17. Qb1 Qc6 18. Qb2 Bxc4 19. Rac1 Rab8 20. Qa1 Rb4
21. Rxc4 Rxc4 22. bxc4 Qxc4 23. Qxe5 Bd6 24. Qa5 Bc7 25. Qxa7 Bh2+ 26. Kxh2 Qxf1
27. a4 Qa1 28. a5 Qe5+ 29. f4 Qe4 30. a6 Re8 31. Bf2 Ra8 32. Qc7 h6 33. a7 Re8
34. Bc5 Qa8 35. Bd6 Re2 36. Qb8+ Re8 37. Qxa8 Rxa8 38. Bb8 f5 39. Kg3 Kf7 40.
Kf3 Ke6 41. Ke3 Kd5 42. Kd3 g6 43. g4 Kc5 44. Ke3 Kd5 45. Kf3 Ke6 46. Ke2 Kd5
47. Ke3 Kc4 48. h4 fxg4 49. h5 gxh5 50. f5 Kd5 51. Kf4 Kc6 52. f6 Kd7 53. Kf5 g3
54. f7 Ke7 55. Kg6 g2 56. Bh2 Rxa7 57. Bd6+ Ke6 58. f8=Q g1=Q+ 59. Kxh6 Qg7+ 60.
Kxh5 Qh7+ 61. Kg4 Rg7+ 62. Kf3 Rf7+ 0-1

[Event "7th Sharjah Challengers"]
[Site "Sharjah UAE"]
[Date "2024.05.21"]
[Round "8.7"]
[White "Aradhya, Garg"]
[Black "Mohammad Fahad, Rahman"]
[Result "1/2-1/2"]
[WhiteTitle "IM"]
[BlackTitle "IM"]
[WhiteElo "2388"]
[BlackElo "2435"]
[WhiteFideId "25006746"]
[BlackFideId "10207791"]
[EventDate "2024.05.14"]

1. d4 d5 2. Nf3 Nf6 3. Bf4 c5 4. e3 Nc6 5. Nbd2 cxd4 6. exd4 Bg4 7. c3 e6 8. Bd3
Bd6 9. Bxd6 Qxd6 10. O-O O-O 11. Re1 Rab8 12. a4 Qc7 13. Qe2 Rfe8 14. Qe3 Bxf3
15. Nxf3 a6 16. Re2 Nd7 17. Rae1 Na5 18. h4 Nc4 19. Qc1 b5 20. axb5 axb5 21. b3
Na5 22. Re3 Nf8 23. Qa3 Nc6 24. b4 f6 25. Qa2 Nd8 26. Nd2 Nf7 27. Nb3 e5 28. Nc5
Qc6 29. dxe5 fxe5 30. Bf5 Nd6 31. Bd3 Nf7 32. Bf5 Nd6 33. Bd3 Ra8 34. Qb3 Nc4
35. Bxc4 bxc4 36. Qd1 e4 1/2-1/2

[Event "7th Sharjah Challengers"]
[Site "Sharjah UAE"]
[Date "2024.05.21"]
[Round "8.8"]
[White "Liyanage, Ranindu Dilshan"]
[Black "Suyarov, Mukhammadzokhid"]
[Result "1/2-1/2"]
[WhiteTitle "IM"]
[BlackTitle "IM"]
[WhiteElo "2362"]
[BlackElo "2431"]
[WhiteFideId "9915834"]
[BlackFideId "14210495"]
[EventDate "2024.05.14"]

1. d4 d5 2. c4 e6 3. Nf3 Nf6 4. g3 Be7 5. Bg2 O-O 6. O-O dxc4 7. Qc2 a6 8. a4
Bd7 9. Rd1 Bc6 10. Nc3 Bxf3 11. Bxf3 Nc6 12. Bxc6 bxc6 13. a5 Rb8 14. Ra4 Rb4
15. Na2 Rxa4 16. Qxa4 Qb8 17. Qxc4 Qb7 18. b4 Rb8 19. Bd2 Ne4 20. Bf4 Nd6 21.
Qc2 Nb5 22. h4 Rd8 23. e3 Bd6 24. Rc1 Bxf4 25. gxf4 Rd6 26. Nc3 Nxc3 27. Qxc3
Qb5 28. Qc4 Qh5 29. Qxa6 h6 30. Qc8+ Kh7 31. Qxc7 Qg6+ 32. Kf1 e5 33. f5 Qf6 34.
d5 cxd5 35. b5 d4 36. Rc6 dxe3 37. Qxd6 Qxf5 38. Rc2 Qxc2 39. fxe3 Qb1+ 40. Ke2
e4 41. b6 Qb5+ 42. Kf2 Qf5+ 43. Qf4 Qxa5 44. Qxe4+ f5 45. Qd4 Qb5 46. Ke1 Kg6
47. Kd2 Kh5 48. Kc3 g5 49. hxg5 hxg5 50. Qb4 Qc6+ 51. Kb2 Qg2+ 52. Kc3 Qc6+ 53.
Kb3 Qe6+ 54. Kb2 Qxe3 55. b7 Qe2+ 56. Kc1 Qe3+ 57. Kc2 Qe2+ 58. Kc1 1/2-1/2

[Event "7th Sharjah Challengers"]
[Site "Sharjah UAE"]
[Date "2024.05.21"]
[Round "8.11"]
[White "Rios Gomez, Cristhian Camilo"]
[Black "Sahakyan, Aleks"]
[Result "1/2-1/2"]
[WhiteTitle "GM"]
[BlackTitle "FM"]
[WhiteElo "2472"]
[BlackElo "2334"]
[WhiteFideId "4403940"]
[BlackFideId "13316338"]
[EventDate "2024.05.14"]

1. d4 Nf6 2. Nf3 d5 3. Bf4 c5 4. e3 Nc6 5. Nbd2 Nh5 6. dxc5 Nxf4 7. exf4 a5 8.
Bb5 e6 9. Ne5 Bd7 10. Nd3 Nb4 11. Bxd7+ Qxd7 12. Nxb4 axb4 13. Nb3 Be7 14. Qd2
Bf6 15. Nd4 O-O 16. O-O Rfc8 17. b3 Qc7 18. Qxb4 Qxc5 19. Qxc5 Rxc5 20. Rfd1
Bxd4 21. Rxd4 Rxc2 22. a4 1/2-1/2

[Event "7th Sharjah Challengers"]
[Site "Sharjah UAE"]
[Date "2024.05.21"]
[Round "8.12"]
[White "Kazarian, Anna-Maja"]
[Black "Hesham, Abdelrahman"]
[Result "1-0"]
[WhiteTitle "FM"]
[BlackTitle "GM"]
[WhiteElo "2182"]
[BlackElo "2394"]
[WhiteFideId "1033689"]
[BlackFideId "10600183"]
[EventDate "2024.05.14"]

1. e4 e5 2. Nf3 Nc6 3. Bc4 Bc5 4. c3 Nf6 5. d3 a6 6. a4 d6 7. O-O Ba7 8. Be3 O-O
9. Bxa7 Rxa7 10. Re1 Ne7 11. Nbd2 Ng6 12. Nf1 c6 13. Bb3 Nh5 14. d4 Nhf4 15.
dxe5 Nxe5 16. Nxe5 dxe5 17. Qxd8 Rxd8 18. Rad1 Re8 19. a5 Kf8 20. Ne3 g6 21. g3
Ne6 22. Nc4 Ng5 23. Rd3 Bg4 24. Bd1 Bxd1 25. Rexd1 Nxe4 26. Nb6 Nc5 27. Rd8 Nb3
28. R1d7 Nxa5 29. Rxe8+ Kxe8 30. Rc7 h5 31. b4 Nb3 32. Nc4 f6 33. Nd6+ Kd8 34.
Rg7 Nc1 35. Nxb7+ Kc8 36. Nd6+ Kb8 37. Rg8+ Kc7 38. Rg7+ Kb8 39. Rg8+ Kc7 40.
Rg7+ Kxd6 41. Rxa7 Ne2+ 42. Kf1 Nxc3 43. Rxa6 e4 44. Ke1 f5 45. Kd2 Nb5 46. Ra8
Nd4 47. h4 Ke5 48. Rg8 Kf6 49. Kc3 Ne2+ 50. Kc4 f4 51. gxf4 Nxf4 52. Rc8 Nd3 53.
Rxc6+ Kf5 54. Rc8 g5 55. Rf8+ Kg4 56. hxg5 h4 57. f3+ Kxg5 58. fxe4 Ne5+ 59. Kd5
Nd7 60. Rg8+ Kf4 61. Rh8 Nf6+ 62. Kd4 Kg4 63. e5 Nh5 64. e6 h3 65. Rxh5 1-0

[Event "7th Sharjah Challengers"]
[Site "Sharjah UAE"]
[Date "2024.05.22"]
[Round "9.1"]
[White "Divya, Deshmukh"]
[Black "Garifullina, Leya"]
[Result "1/2-1/2"]
[WhiteTitle "IM"]
[BlackTitle "IM"]
[WhiteElo "2443"]
[BlackElo "2431"]
[WhiteFideId "35006916"]
[BlackFideId "34127035"]
[EventDate "2024.05.14"]

1. Nf3 d5 2. g3 Bg4 3. Bg2 e6 4. h3 Bh5 5. O-O Nf6 6. c4 c6 7. d4 Nbd7 8. Ne5
Nxe5 9. dxe5 Nd7 10. cxd5 cxd5 11. Nc3 Bc5 12. g4 Bg6 13. Bf4 O-O 14. e4 d4 15.
Na4 b5 16. Nxc5 Nxc5 17. Re1 Rc8 18. Qd2 d3 19. Rad1 a5 20. Bg5 Qb6 21. Qe3 Qc7
22. f4 h6 23. Bh4 Na4 24. Rd2 Qc5 25. Qxc5 Nxc5 26. Be7 Rfe8 27. Bxc5 Rxc5 28.
Rxd3 Bh7 29. Rc3 Rxc3 30. bxc3 g5 31. f5 Rc8 32. Rb1 Rc5 33. Bf1 Rxe5 34. Rxb5
Rxe4 35. Rb8+ Kg7 36. f6+ Kxf6 37. Bd3 Re3 38. Bxh7 Rxh3 39. c4 Rc3 40. Rc8 Ke5
41. Bg8 f5 42. Re8 Kf4 43. Rxe6 Kxg4 44. Re2 f4 45. Kf2 Kh3 46. Re6 Rc2+ 47. Kf3
Rc3+ 48. Kf2 Rc2+ 49. Kf3 Rc3+ 50. Ke4 1/2-1/2

[Event "7th Sharjah Challengers"]
[Site "Sharjah UAE"]
[Date "2024.05.22"]
[Round "9.2"]
[White "Lashkin, Jegor"]
[Black "Burmakin, Vladimir"]
[Result "1/2-1/2"]
[WhiteTitle "FM"]
[BlackTitle "GM"]
[WhiteElo "2449"]
[BlackElo "2483"]
[WhiteFideId "13907808"]
[BlackFideId "4105109"]
[EventDate "2024.05.14"]

1. d4 d5 2. c4 c6 3. Nc3 Nf6 4. e3 g6 5. Nf3 Bg7 6. Be2 O-O 7. O-O Bg4 8. cxd5
Nxd5 9. h3 Bxf3 10. Bxf3 e6 11. e4 Nxc3 12. bxc3 e5 13. Be3 Nd7 14. Rb1 b6 15.
Qb3 Qc7 16. Rbd1 c5 17. dxe5 Nxe5 18. Be2 Rad8 19. Rxd8 Rxd8 20. Rd1 Nc6 21.
Rxd8+ Nxd8 22. Bd2 Qd6 23. Qc2 Ne6 24. Qd3 Qc7 25. Qd5 h5 26. h4 Nf4 27. Qa8+
Kh7 28. Bf1 Qd6 29. Be3 Bxc3 30. Qxa7 Kg7 31. Bc4 Ne6 32. Qb7 1/2-1/2

[Event "7th Sharjah Challengers"]
[Site "Sharjah UAE"]
[Date "2024.05.22"]
[Round "9.3"]
[White "Movahed, Sina"]
[Black "Nitish, Belurkar"]
[Result "1-0"]
[WhiteTitle "IM"]
[BlackTitle "IM"]
[WhiteElo "2464"]
[BlackElo "2451"]
[WhiteFideId "42520835"]
[BlackFideId "5084768"]
[EventDate "2024.05.14"]

1. e4 c5 2. Nf3 e6 3. d4 cxd4 4. Nxd4 Nf6 5. Nc3 Nc6 6. Nxc6 bxc6 7. e5 Nd5 8.
Ne4 Bb7 9. Nd6+ Bxd6 10. exd6 c5 11. c4 Nb4 12. a3 Nc6 13. Be3 Qf6 14. Qd2 Rb8
15. Bxc5 Ba6 16. Bb4 Nd4 17. Qc3 O-O 18. O-O-O e5 19. Kb1 Rfc8 20. Bd3 Qxf2 21.
Rdf1 Qh4 22. Re1 Qf6 23. Re3 Qe6 24. Rc1 f6 25. g4 Qxg4 26. Rg3 Qh4 27. Rcg1 Ne6
28. Rg4 Qh5 29. Qe1 Qf7 30. Qf1 Kh8 31. Bxh7 g5 32. Bd3 Nf4 33. Rxf4 exf4 34.
Qh3+ Kg8 35. Rxg5+ fxg5 36. Bc3 Qe6 37. Qh7+ Kf8 38. Qg7+ Ke8 39. Bg6+ 1-0

[Event "7th Sharjah Challengers"]
[Site "Sharjah UAE"]
[Date "2024.05.22"]
[Round "9.4"]
[White "Delgado Ramirez, Neuris"]
[Black "Baranciuc, Alexandr"]
[Result "1/2-1/2"]
[WhiteTitle "GM"]
[BlackTitle "FM"]
[WhiteElo "2489"]
[BlackElo "2333"]
[WhiteFideId "3503631"]
[BlackFideId "13908669"]
[EventDate "2024.05.14"]

1. Nf3 d5 2. g3 Bf5 3. Bg2 c6 4. O-O Nf6 5. d3 e6 6. b3 Nbd7 7. Bb2 h6 8. c4 Be7
9. Nbd2 O-O 10. Rc1 a5 11. a3 Bh7 12. Qc2 Bd6 13. Qb1 Qe7 14. Qa1 Rfe8 15. Rfe1
Qf8 16. Nf1 Rad8 17. Ne3 Qe7 18. cxd5 exd5 19. Nd4 Be5 20. Ndf5 Qf8 21. Bxe5
Nxe5 22. Qb2 Nfg4 23. Nxg4 Nxg4 24. Nd4 h5 25. Nf3 Qd6 26. b4 axb4 27. axb4 Ra8
28. Ra1 Bf5 29. h3 Nf6 30. Ra5 Rxa5 31. bxa5 Qc7 32. Ra1 Ra8 33. Nd4 Bc8 34. Qc3
Ra6 35. e3 Nh7 36. h4 Nf8 37. Bxd5 Qe5 38. Bf3 Ne6 39. Ne2 Qf5 40. Bg2 g5 41. e4
Qg6 42. hxg5 Qxg5 43. d4 h4 44. d5 Nc7 45. gxh4 Qxh4 46. Qe5 Qd8 47. Ra3 cxd5
48. exd5 Rg6 49. Rg3 Nb5 50. Rxg6+ fxg6 51. Nf4 Bf5 52. Ne6 Qe7 53. Qb8+ Kh7 54.
Qh2+ Kg8 55. Qh6 Nc7 56. Ng5 Qg7 57. Qh4 Ne8 58. Qb4 Qa1+ 59. Kh2 Qh8+ 60. Kg3
Qe5+ 61. f4 Qe3+ 62. Kh2 Nf6 63. Bf3 Qf2+ 64. Kh1 Qf1+ 65. Kh2 1/2-1/2

[Event "7th Sharjah Challengers"]
[Site "Sharjah UAE"]
[Date "2024.05.22"]
[Round "9.6"]
[White "Abdulrahim, Salem"]
[Black "Ahmad, Al Khatib"]
[Result "0-1"]
[BlackTitle "GM"]
[WhiteElo "1824"]
[BlackElo "2380"]
[WhiteFideId "9308946"]
[BlackFideId "8103178"]
[EventDate "2024.05.14"]

1. e4 c5 2. Nf3 d6 3. d4 cxd4 4. Nxd4 Nf6 5. Nc3 a6 6. g3 e5 7. Nb3 Be7 8. a4
O-O 9. Bg2 Be6 10. O-O Nbd7 11. Re1 Qc7 12. Nd2 Bd8 13. Nf1 Qc5 14. Ne3 Ba5 15.
Bd2 Rfc8 16. Ncd5 Bxd5 17. exd5 Bxd2 18. Qxd2 g6 19. a5 b5 20. axb6 Nxb6 21. b3
a5 22. c4 a4 23. b4 Qd4 24. Qc2 Nxc4 25. Rxa4 Rxa4 26. Qxa4 Nxe3 27. fxe3 Qb6
28. Qb3 Rb8 29. Rc1 Ng4 30. Rc6 Qxb4 31. Qxb4 Rxb4 32. Bf3 Rb1+ 33. Kg2 Nxe3+
34. Kh3 Rf1 35. Be4 f5 36. Bd3 Rd1 37. Be2 Rd2 38. Ba6 Ng4 39. Kh4 Rxh2+ 40. Kg5
Rh5# 0-1

[Event "7th Sharjah Challengers"]
[Site "Sharjah UAE"]
[Date "2024.05.22"]
[Round "9.7"]
[White "Suyarov, Mukhammadzokhid"]
[Black "Aradhya, Garg"]
[Result "0-1"]
[WhiteTitle "IM"]
[BlackTitle "IM"]
[WhiteElo "2431"]
[BlackElo "2388"]
[WhiteFideId "14210495"]
[BlackFideId "25006746"]
[EventDate "2024.05.14"]

1. e4 e5 2. Nf3 Nc6 3. Bb5 a6 4. Ba4 Nf6 5. O-O Be7 6. Re1 b5 7. Bb3 O-O 8. h3
Bb7 9. d3 d5 10. exd5 Nxd5 11. Nbd2 Qd7 12. Nf1 Rae8 13. Nxe5 Nxe5 14. Rxe5 c5
15. Ne3 Nf6 16. Nf5 Bd8 17. Rxc5 Bb6 18. Qd2 Bxc5 19. Qg5 Re1+ 20. Kh2 Bd6+ 21.
Nxd6 Qxd6+ 22. Bf4 Qe7 23. Rxe1 Qxe1 24. Qc5 Rc8 25. Qb6 Qe7 26. Bg3 Qd7 27. f3
h5 28. c4 Re8 29. d4 Qc6 30. Qa5 bxc4 31. Ba4 Qd5 32. Qxd5 Bxd5 33. Bxe8 Nxe8
34. Kg1 f6 35. Kf2 Kf7 36. Bb8 c3 37. b3 c2 38. Bf4 Nc7 39. Ke2 Ne6 40. Be3
Nxd4+ 41. Kd2 Nf5 42. Bf2 g5 43. Kxc2 Nh4 44. g3 Nxf3 45. Kc3 Be6 46. h4 gxh4
47. gxh4 Kg6 0-1